Statistiken für Werder Bremen Kader 2017/2018

Klicken Sie hier um das Quiz zu spielen!

Allgemein

  • Dieses Quiz wurde 193 mal gespielt
  • Das Durchschnittsergebnis liegt bei 16 aus 32

Antwortstatistiken

Nr.PositionsSpieler% Korrekt
1TorwartJiri Pavlenka
91%
10Max Kruse
88%
23Theo Gebre Selassie
78%
TrainerFlorian Kohfeldt
77%
24Johannes Eggestein
75%
35Maximilian Eggestein
75%
18Niklas Moisander
74%
44Phillipp Bargfrede
69%
11Milot Rashica
67%
5Ludwig Augustinsson
63%
13Milos Veljkovic
62%
32Marco Friedl
58%
30Michael Zetterer
58%
22Fin Bartels
57%
16Zlatko Junuzovic
57%
12Wir
56%
6MittelfeldThomas Delaney
51%
40Lucas Plogmann
47%
33Jaroslav Drobny
46%
9StürmerAaron Jóhannsson
42%
7Florian Kainz
38%
15Sebastian Langkamp
37%
4Robert Bauer
36%
26Lamine Sané
34%
3AbwehrLuca Caldirola
34%
29Ishak Belfodil
28%
8Gerome Gondorf
22%
38Niklas Schimidt
19%
14Ole Käuper
17%
17Justin Eilers
13%
28Jesper Verlaat
12%
19Yuning Zhang
10%

Verteilung der Resultate

Perzentil nach korrekt beantworteten Fragen

Anzahl Personen mit jedem Resultat

Ihre Resultats-Entwicklung

Sie haben dieses Quiz noch nicht gespielt